On the search theorists approach to the Phillips curve
Gespeichert in:
| 1. Verfasser: | |
|---|---|
| Format: | Buch |
| Sprache: | Englisch |
| Veröffentlicht: |
Wien
Institut für Höhere Studien
1985
|
| Schriftenreihe: | Forschungsbericht/Research Memorandum
No. 209 |
| Tags: |
Keine Tags, Fügen Sie das erste Tag hinzu!
|
MARC
| LEADER | 00000nam a2200000 4500 | ||
|---|---|---|---|
| 001 | c106742 | ||
| 005 | 20250512100825.0 | ||
| 041 | 0 | |a eng | |
| 044 | |a AT | ||
| 245 | 1 | 0 | |a On the search theorists approach to the Phillips curve |c Dalia Marin |
| 264 | 1 | |a Wien |b Institut für Höhere Studien |c 1985 | |
| 300 | |a 13 s. | ||
| 490 | 1 | |a Forschungsbericht/Research Memorandum |v No. 209 | |
| 830 | 0 | |a Forschungsbericht/Research Memorandum |v No. 209 | |
| 100 | 1 | |a Marin, Dalia | |